ၶေႃႈပူင်သွၼ်လၢႆးတႅမ်ႈဝွၵ်း၊ ၵႂၢမ်း၊ လင်ႇၵႃႇတႆး၊ ၸိုဝ်ႈၸဝ်ႈၶူးမေႃ၊ ၸဝ်ႈၸရေး၊ သဵၼ်ႈမၢႆႁူဝ်ႁုပ်ႈလိၵ်ႈလူင်။ (Record no. 24667)
[ view plain ]
| 000 -LEADER | |
|---|---|
| fixed length control field | 01415nam a22002297a 4500 |
| 003 - CONTROL NUMBER IDENTIFIER | |
| control field | OSt |
| 005 - DATE AND TIME OF LATEST TRANSACTION | |
| control field | 20260127160109.0 |
| 008 - FIXED-LENGTH DATA ELEMENTS--GENERAL INFORMATION | |
| fixed length control field | 230522b ||||| |||| 00| 0 eng d |
| 040 ## - CATALOGING SOURCE | |
| Original cataloging agency | SSBUL |
| Transcribing agency | SSBUL |
| 041 ## - LANGUAGE CODE | |
| Language code of text/sound track or separate title | Shan |
| 082 ## - DEWEY DECIMAL CLASSIFICATION NUMBER | |
| Classification number | 495.9191 |
| 245 ## - TITLE STATEMENT | |
| Title | ၶေႃႈပူင်သွၼ်လၢႆးတႅမ်ႈဝွၵ်း၊ ၵႂၢမ်း၊ လင်ႇၵႃႇတႆး၊ ၸိုဝ်ႈၸဝ်ႈၶူးမေႃ၊ ၸဝ်ႈၸရေး၊ သဵၼ်ႈမၢႆႁူဝ်ႁုပ်ႈလိၵ်ႈလူင်။ |
| Statement of responsibility, etc. | ၸဝ်ႈၼၼ်ႇတိယ (ပၢင်လူင်) ၵဵပ်းႁွမ်တႅမ်ႈ- |
| 260 ## - PUBLICATION, DISTRIBUTION, ETC. | |
| Place of publication, distribution, etc. | တႃႈလိူဝ်ႇ |
| Name of publisher, distributor, etc. | တႆးၵမ်ႇပေႃးၸ |
| Date of publication, distribution, etc. | 2018 |
| 300 ## - PHYSICAL DESCRIPTION | |
| Extent | F၊ 67 ၼႃႈ |
| Other physical details | လွၵ်း |
| Dimensions | 21 ၸိၼ်ႇထီႇ |
| 500 ## - GENERAL NOTE | |
| General note | မၢႆတွင်း-ပၢင်ၵုမ်ၶွၼ်ႇၾရႅၼ်ႉလိၵ်ႈလူင်ပွၵ်ႈၵမ်း(6) ဝဵင်းႁူဝ်ပၢင်လူင်။ 2514 ၊ 2515 ပဵၼ်ပပ်ႉၸဝ်ႈတႃႇၼႁင်းၶေႃ တွၵ်ႉတိူဝ်ႇၸၢႆးဢွင်ႇထုၼ်း |
| General note | S-SAT: Dr. Prof Sai Aung Tun |
| 650 ## - SUBJECT ADDED ENTRY--TOPICAL TERM | |
| Topical term or geographic name entry element | လၢႆးတႅမ်ႈလိၵ်ႈ |
| Topical term or geographic name entry element | လင်ႇၵႃႇတႆး |
| 942 ## - ADDED ENTRY ELEMENTS (KOHA) | |
| Koha item type | Books (Long term) |
| 650 ## - SUBJECT ADDED ENTRY--TOPICAL TERM | |
| 9 (RLIN) | 24255 |
| 9 (RLIN) | 24247 |
| Source of classification or shelving scheme | |
| Source of classification or shelving scheme | |
| Withdrawn status | Lost status | Source of classification or shelving scheme | Damaged status | Not for loan | Collection Code | Permanent Location | Current Location | Shelving location | Date acquired | Total Checkouts | Full call number | Barcode | Date last seen | Date last checked out | Copy number | Price effective from | Koha item type | Accession |
|---|---|---|---|---|---|---|---|---|---|---|---|---|---|---|---|---|---|---|
| Tai Collection | Shan State Buddhist University Library | Shan State Buddhist University Library | Tai Shelves | 22/05/2023 | 5 | 495.9191 ၶေႃႈ ႑႑႕႘(1) | SH00001158 | 24/06/2024 | 15/06/2024 | 1 | 22/05/2023 | Books (Long term) | ႑႑႕႘(1) | |||||
| Tai Collection | Shan State Buddhist University Library | Shan State Buddhist University Library | Tai Shelves | 22/05/2023 | 3 | 495.9191 ၶေႃႈ ႑႑႕႙(2) | SH00001159 | 08/11/2025 | 17/10/2025 | 2 | 22/05/2023 | Books (Long term) | ႑႑႕႙(2) | |||||
| Tai Collection | Shan State Buddhist University Library | Shan State Buddhist University Library | Tai Shelves | 22/05/2023 | 1 | 495.9191 ၶေႃႈ ႑႑႖႐(3) | SH00001160 | 19/02/2024 | 26/01/2024 | 3 | 22/05/2023 | Books (Long term) | ႑႑႖႐(3) | |||||
| Special Collections | Shan State Buddhist University Library | Shan State Buddhist University Library | Special Collection Shelves | 22/05/2023 | 495.9191 ၶေႃႈ ႒႕႑႔(1) S-SAT | SH00002514 | 22/05/2023 | 4 | 22/05/2023 | Book (Short term) | ႒႕႑႔(1) S-SAT | |||||||
| Special Collections | Shan State Buddhist University Library | Shan State Buddhist University Library | Special Collection Shelves | 22/05/2023 | 495.9191 ၶေႃႈ ႒႕႑႕(2) S-SAT | SH00002515 | 22/05/2023 | 5 | 22/05/2023 | Book (Short term) | ႒႕႑႕(2) S-SAT |